000
00244nam a22001217a 4500
020
_a
978-81-8477-589-1
082
_a
001
_b
TON/G
245
_a
GET THE FACTS INDIA
260
_a
NEW YORK
_b
SCHOLASTIC
300
_a
80
650
_a
GK
942
_c
BK
999
_c
6583
_d
6583